Road To Atmanirbhar Bharat In Aerospace/ (Record no. 203912)

MARC details
000 -LEADER
fixed length control field 00712nam a22002057a 4500
005 - DATE AND TIME OF LATEST TRANSACTION
control field 20240703161000.0
010 ## - LCCN (DPL NO)
LC control number ENG-140751
020 ## - INTERNATIONAL STANDARD BOOK NUMBER
Terms of availability 1680.00
International Standard Book Number 9788196790059
035 ## - SYSTEM CONTROL NUMBER
System control number EN- 124283
037 ## - SOURCE OF ACQUISITION
Source of stock number/acquisition DBAD
082 ## - DEWEY DECIMAL CLASSIFICATION NUMBER
Classification number 338.4762
100 ## - MAIN ENTRY--PERSONAL NAME
Personal name Chopra, Anil
245 ## - TITLE STATEMENT
Title Road To Atmanirbhar Bharat In Aerospace/
Statement of responsibility, etc ed. by Anil Chopra and Dinesh kumar Panday
260 ## - PUBLICATION, DISTRIBUTION, ETC. (IMPRINT)
Place of publication, distribution, etc New Delhi
Name of publisher, distributor, etc KW Publishers Pvt Ltd
Date of publication, distribution, etc 2024
270 ## - ADDRESS
City New Delhi
Address 4676/21,First Floor, Ansari Road Daryaganj
Postal code 110002
Telephone number 91 11 43528107
300 ## - PHYSICAL DESCRIPTION
Extent xxii, 333p.
Dimensions 24cm(hp)
700 ## - ADDED ENTRY--PERSONAL NAME
Personal name Chopra, Anil
Relator term Editor
9 (RLIN) 68063
700 ## - ADDED ENTRY--PERSONAL NAME
Personal name Panday, Dinesh Kumar
Relator term Editor
9 (RLIN) 68064
942 ## - ADDED ENTRY ELEMENTS (KOHA)
Source of classification or shelving scheme Dewey Decimal Classification
Item type English Books
Classification part 338.4762
Call number suffix CHO
Holdings
Withdrawn status Lost status Not for loan Collection code Home library Current library Date acquired Source of acquisition Cost, normal purchase price Full call number Barcode Copy number Cost, replacement price Koha item type
      Non-fiction Central Jail Tihar Central Jail Tihar 03/07/2024 DBAD 1680.00 338.4762 CHO EN-124283 1 1680.00 English Books

© Delhi Public Library
Hit Counter
free hit counter